Responses for show #2778 - Wednesday, October 2, 1996

Contestants

[<< previous game]

Tim McGann, an attorney from Chepachet, Rhode Island

Barbara Delisle, a homemaker from Westwood, Massachusetts

Bill Cute, a social studies teacher from Rehoboth, Massachusetts (whose 1-day cash winnings total $8,801)

[next game >>]

Jeopardy! Round responses

SONGS
TAKE ME OUT TO THE BALLGAME
HE'S A REBEL
OMAN
THE RANGE
PEOPLE
    $100 11
Pennies From Heaven

Bill
    $100 1
Oakland

Bill
    $100 12
Robert E. Lee

Tim
    $100 21
oil

Tim
    $100 22
the Andes

Barbara
    $100 6
Oprah Winfrey

Bill
    $200 13
"My Love"

Tim
    $200 2
Nolan Ryan

Bill
    $200 17
Jefferson Davis

Barbara
    $200 27
Iraq

Tim
    $200 23
the Himalayas

Barbara
    $200 7
the Mandelas

Barbara
    $300 14
(Tim: Who is Rosanne Cash?)

June Carter

Tim
Triple Stumper
    $300 3
Joe DiMaggio

Tim
    $300 18
John Wilkes Booth

Barbara
    $300 28
the Strait of Hormuz

Bill
    $300 24
the Big Horn (Mountains)

Bill
    $300 8
(Yitzhak) Rabin

Barbara
    $400 15
Blue Hawaii

Tim
    $400 4
Reggie Jackson

Bill
    $400 19
(George) Pickett

Bill
    $400 29
the Sultan of Oman

Triple Stumper
    $1,000 25
(Alex: That's right. It's in Minnesota.)

North America

Bill
    $400 9
Jesse James

Bill
    $500 16
I'll Be There

Barbara
    $500 5
Ted Williams

Bill
    $500 20
John C. Breckinridge

Triple Stumper
    $500 30
Muscat

Bill
    $500 26
the Blue Ridge Parkway

Tim
    $500 10
John Chancellor

Tim

Scores at the first commercial break (after clue 16):

Bill Barbara Tim
$1,800 $1,000 $1,200

Scores at the end of the Jeopardy! Round:

Bill Barbara Tim
$4,300 $1,800 $2,000

Double Jeopardy! Round responses

IMMIGRANTS
BODIES OF WATER
SAINTS
ODD WORDS
GOVERNMENT & POLITICS
AUTHORS
    $200 1
Ted Koppel

Bill
    $200 2
the Thames

Barbara
    $200 12
Mary

Tim
    $200 21
a Q

Tim
    $200 7
NASA

Bill
    $200 27
(Alex) Haley

Tim
    $400 17
Italy

Bill
    $400 3
(Bill: What is the Ohio?)

the Mississippi

Bill
Triple Stumper
    $400 13
George

Tim
    $400 22
a peacock

Tim
    $400 8
the Treasury

Barbara
    $400 26
Harper Lee

Barbara
    $600 18
New Orleans

Bill
    $600 4
the Indian Ocean

Tim
    $600 14
(Tim: What is Liechtenstein?)

Luxembourg

BillTim
    $600 23
(Bill: What is "furl"?)

unfurl

BillBarbara
    $600 9
(George) Marshall

Tim
    $600 28
G.K. Chesterton

Triple Stumper
    $800 19
Du Pont

Barbara
    $800 5
Australia

Triple Stumper
    $800 15
Thomas More

Bill
    $1,000 24
sanguine

Barbara
    $800 10
the Occupational Safety & Health Administration

Bill
    $800 30
(Henry) Fielding

Barbara
    $1000 20
(Barbara: Who is Paley?)
...
(Alex: Different network. Who was [*]?)

Sarnoff

Barbara
Triple Stumper
    $1000 6
Lake Baikal

Bill
    $1000 16
Saint Teresa of Ávila

Triple Stumper
    $1000 25
a mine

Tim
    $2,000 11
(Alex [refering to previous clue]: That was a tough one, and you deserve the Daily Double as a result.)

(Lamar) Alexander

Bill
    $1000 29
(Tim: Who is Michael Crichton?)

Robin Cook

BillTim

Scores at the end of the Double Jeopardy! Round:

Bill Barbara Tim
$10,900 $5,000 $4,000
(lock game)

[wagering suggestions for these scores]

Final Jeopardy! Round responses

ACTOR-DIRECTORS
(Tim: It's a friend of mine from law school.)
(Alex: You're sure he's going to be watching?)
(Tim: I promised him if I didn't know the answer I'd write his name down.)
(Alex: Good for you. You're a man who keeps his promise. Your wager: $3,000. He loves you, Scott! Just blew $3,000 for him, though.)
...
(Alex: [Revealing Bill's response] No, Robert Redford was before him. We're talking now about the film [Alex performs a little shuffle-step] Dances with Wolves, and [*] was the actor-director.)
TimWho is Scott Lazev?
$3,000
BarbaraWho is Eastwood
$3,001
BillWho is Redford?
$100
Kevin Costner

Final scores:

Bill Barbara Tim
$10,800 $1,999 $1,000
2-day champion: $19,601 2nd place 3rd place

Game dynamics:

Coryat scores:

Bill Barbara Tim
$9,300 $4,800 $4,000
22 R
(including 2 DDs),
2 W
14 R
(including 1 DD),
1 W
16 R,
3 W

Combined Coryat: $18,100

The J! Archive is created by fans, for fans. The Jeopardy! game show and all elements thereof, including but not limited to copyright and trademark thereto, are the property of Jeopardy Productions, Inc. and are protected under law. This website is not affiliated with, sponsored by, or operated by Jeopardy Productions, Inc. Join the discussion at JBoard.tv.